| 000 | 01523nam a2200241Ia 4500 | ||
|---|---|---|---|
| 005 | 20171206151839.0 | ||
| 008 | 130821s1933 ck fr 1 spa | ||
| 040 |
_aCo-BoUCM _bspa _cSandra Yazo _dSandra Yazo |
||
| 041 | _aspa | ||
| 082 | 0 | 4 |
_a348.02861 _220 |
| 092 | _aE44N076 | ||
| 100 | 1 |
_aLatorre U, Luis F. _984889 |
|
| 245 | 1 | 0 |
_aRegistro y matricula de la propiedad _cLuis F. Latorre U. |
| 260 |
_aBogotá (Colombia) _bImprenta Nacional _c1933 |
||
| 300 |
_a223 páginas _c24 x 16 cm. |
||
| 500 | _aDetalles físicos: Encuadernación rígida (holandesa) en cartón duro forrado en papel jaspeado. Lomo de tela texturizada con adornos en dorado. Guardas. Portada impresa en una sola tinta. Texto impreso en una sola columna, con diferentes tipos de letra. Notas de pie de página. Plegable. Índice. Ej.2 con raspaduras en bordes de tapas | ||
| 505 | 0 | _aExposición de motivos ; Estudio jurídico sobre el registro en Colombia y comparación con normativa de otros países (Capítulos 1 al 17) ; Modelo de un matrícula de registro ; Proyecto de Ley presentado en 1931 y sus debates ; Proyecto, modificado, presentado en 1932 ; Actas de sesiones de Senado y Cámara ; Texto definitivo de la Ley 40 de 1932 ; Decretos reglamentarios ; La Ley 50 de 1933 y el Decreto 1985 de 1933 ; Apéndices | |
| 506 | _aConsulta en sala | ||
| 650 | 7 |
_aPropiedad _922576 _xLeyes y legislación |
|
| 650 | 7 |
_aDerecho civil _zColombia _934616 |
|
| 690 |
_aDerecho civil _912711 |
||
| 942 |
_cLIBRO _e1 _n0 _2LOCAL _hE44N076 |
||
| 999 |
_c308843 _d308843 |
||